00422 2200169 4500001002100000005001500021035002000036245005900056100001900115250002000134300001200154260003100166082000800197084001400205020001800219600001500237INLIS00000000000056620220816124313 a0010-08220000061 aPerkembangan anak masalah dan solusi /cIrwan Prayitno0 aIrwan Prayitno acetakan pertama a199 hlm aJakarta :bErlangga,c2020 a500 a500 IRW p a308-649-007-0 4apendidikan